00607nam a2200193Ia 450000500170000001000280001702000260004503500130007103500170008403700210010103700130012208200130013510000200014824501060016825000110027426000350028527000600032030000330038020150327123535.0 aBAC-EN21 ENG-111827 a9789332526464c499.00 aEN-95359 aB-590244-266 bTechniz/Venadpl bDBAD/PUB a340.0973 a Bhardwaj, A.P. aLegal awareness and legal reasoning :bfor the CLAT and LLB.Entrance Examinations /cby A.P. Bhardwaj a4th ed c2014aNew DelhibPearson India a11 Community Centre, Panchsheel ParkbNew Dehlie110020 c22cm(pbk)avarious pagings :